000 00499nam a2200181Ia 4500
003 OSt
005 20240928085012.0
008 210210b1965 xxu||||| |||| 00| 0 eng d
040 _cAL
041 _akan
082 _a853/520
100 _aSHESHAGIRIRAV (M S)
_9162045
_dಶೇಷಗಿರಿರಾವ್ (ಎಂಎಸ್)
245 _aChandrachakori:
_bಚಂದ್ರಚಕೋರಿ
260 _aBengaluru
_b-
_c1965
690 _aKannada Drama
_9162046
906 _a019790
942 _2ddc
_cBK
999 _c143936
_d143936